Extotic animal formulary (Record no. 78254)

MARC details
000 -LEADER
fixed length control field 00872nam a22002777a 4500
003 - CONTROL NUMBER IDENTIFIER
control field CBULib
005 - DATE AND TIME OF LATEST TRANSACTION
control field 20230915080408.0
008 - FIXED-LENGTH DATA ELEMENTS--GENERAL INFORMATION
fixed length control field 230505b |||||||| |||| 00| 0 eng d
020 ## - INTERNATIONAL STANDARD BOOK NUMBER
International Standard Book Number 9780323444507
040 ## - CATALOGING SOURCE
Original cataloging agency CBULib
Transcribing agency CBULib
Language of cataloging English
Description conventions rda
041 ## - LANGUAGE CODE
Language code of text/sound track or separate title eng
050 ## - LIBRARY OF CONGRESS CALL NUMBER
Classification number SF 917 Car
100 1# - MAIN ENTRY--PERSONAL NAME
Personal name Carpenter, James W.
9 (RLIN) 15
245 ## - TITLE STATEMENT
Title Extotic animal formulary
Statement of responsibility, etc / edited by James W. Carpenter
250 ## - EDITION STATEMENT
Edition statement Fifth edition
260 ## - PUBLICATION, DISTRIBUTION, ETC. (IMPRINT)
Name of publisher, distributor, etc Elsevier,
Date of publication, distribution, etc 2018
Place of publication, distribution, etc Missouri :
300 ## - PHYSICAL DESCRIPTION
Extent xxvi, 701 pages : illustrations
336 ## - CONTENT TYPE
Source rdacontent
Content type term Text |
Content type code txt
337 ## - MEDIA TYPE
Source rdamedia
Media type term Unmediated |
Media type code n
338 ## - CARRIER TYPE
Source rdacarrier
Carrier type term Volume
Carrier type code nc
504 ## - BIBLIOGRAPHY, ETC. NOTE
Bibliography, etc Includes index.
650 #0 - SUBJECT ADDED ENTRY--TOPICAL TERM
Source of heading or term Library of Congress
Topical term or geographic name as entry element VETERINARY DRUGS
9 (RLIN) 431
650 #0 - SUBJECT ADDED ENTRY--TOPICAL TERM
Source of heading or term Library of Congress
Topical term or geographic name as entry element EXOTIC ANIMALS
9 (RLIN) 432
700 1# - ADDED ENTRY--PERSONAL NAME
Personal name Marion, Christopher J.
Titles and other words associated with a name (Assistant editor)
9 (RLIN) 433
942 ## - ADDED ENTRY ELEMENTS (KOHA)
Koha item type MONOGRAPH
Source of classification or shelving scheme
Holdings
Withdrawn status Lost status Source of classification or shelving scheme Damaged status Not for loan Collection code Permanent Location Current Location Shelving location Date acquired Source of acquisition Full call number Barcode Date last seen Copy number Price effective from Koha item type Cost, normal purchase price Cost, replacement price
          Mpika Library Collection CBU-MPIKA LIBRARY, MPIKA CAMPUS. CBU-MAIN LIBRARY, KITWE. General Stacks 05/05/2023 DON-BOOKAID SF 917 Car 752016 05/05/2023 2 05/05/2023 MONOGRAPH    
          Mpika Library Collection CBU-MPIKA LIBRARY, MPIKA CAMPUS. CBU-MAIN LIBRARY, KITWE. General Stacks 05/05/2023 DON-BOOKAID SF 917 Car 752017 05/05/2023 3 05/05/2023 MONOGRAPH    
          Main Library Open Access Collection CBU-MAIN LIBRARY, KITWE. CBU-MAIN LIBRARY, KITWE. General Stacks 05/10/2023 DON-BOOKAID SF 917 Car 752015 05/10/2023 1 05/10/2023 MONOGRAPH 105.49 126.59